Guide to financial analysis

Αποθηκεύτηκε σε:
Λεπτομέρειες βιβλιογραφικής εγγραφής
Κύριος συγγραφέας: Bowlin, Oswald Doniece 1928-
Άλλοι συγγραφείς: Martin, John D. 1945-, Scott, David F. 1942-
Μορφή: Βιβλίο
Γλώσσα:English
Δημοσίευση: New York : McGraw-Hill, c1990
Έκδοση:2nd ed.
Σειρά:McGraw-Hill finance guide series
Θέματα:
Ετικέτες: Προσθήκη ετικέτας
Δεν υπάρχουν, Καταχωρήστε ετικέτα πρώτοι!

MARC

LEADER 00000cam a2200000 i 4500
001 1/28552
008 950720s1990 eng d
020 |a 0070068054 
035 |l 10023058 
040 |a GR-MY-UA  |b gre  |e aacr 
041 0 |a eng 
082 0 |a 658.15 
100 1 |a Bowlin, Oswald Doniece  |d 1928- 
245 1 0 |a Guide to financial analysis /  |c Oswald D. Bowlin, John D. Martin, David F. Scott, Jr 
246 3 3 |a Financial analysis 
250 |a 2nd ed. 
260 |a New York :   |b McGraw-Hill,   |c c1990 
300 |a xiii, 417 p.;  |b ill.;  |c 24 cm 
490 1 |a McGraw-Hill finance guide series 
504 |a Includes bibliographical references 
650 0 0 |a Business enterprises  |x Finance. 
650 0 0 |a Corporations  |x Finance. 
700 1 |a Martin, John D.  |d 1945- 
700 1 |a Scott, David F.  |d 1942- 
830 0 |a McGraw-Hill finance guide series 
852 |a INST  |b CHIOS  |e 19950720  |h 658.15 BOW  |p 005200003320  |q 005200003320  |t BK  |y 0 
909 |a Χ  |b 032839